Sistem politik Islam menurut Al-Quran, sunah dan pendapat ulama salaf (Record no. 101515)

MARC details
000 -LEADER
fixed length control field 00704nam a2200241 i 4500
001 - CONTROL NUMBER
control field C2-0297131
003 - CONTROL NUMBER IDENTIFIER
control field PPAK
005 - DATE AND TIME OF LATEST TRANSACTION
control field 20180728075400.0
008 - FIXED-LENGTH DATA ELEMENTS--GENERAL INFORMATION
fixed length control field 090511s2008 my |||| ||||| | may d
020 ## - INTERNATIONAL STANDARD BOOK NUMBER
International Standard Book Number 9789675102042
040 ## - CATALOGING SOURCE
Original cataloging agency PPAK
Language of cataloging eng
Transcribing agency PPAK
Description conventions rda
082 04 - DEWEY DECIMAL CLASSIFICATION NUMBER
Classification number 297.272
Edition number 23
090 00 - LOCALLY ASSIGNED LC-TYPE CALL NUMBER (OCLC); LOCAL CALL NUMBER (RLIN)
Classification number (OCLC) (R) ; Classification number, CALL (RLIN) (NR) 297.272
Feature heading ALA
Feature heading G
100 1# - MAIN ENTRY--PERSONAL NAME
Personal name Al-'Anbariy, Khalid bin Ali,
Relator term author
245 10 - TITLE STATEMENT
Title Sistem politik Islam menurut Al-Quran, sunah dan pendapat ulama salaf
264 #1 - PRODUCTION, PUBLICATION, DISTRIBUTION, MANUFACTURE, AND COPYRIGHT NOTICE
Place of production, publication, distribution, manufacture Kuala Lumpur :
Name of producer, publisher, distributor, manufacturer Telaga Biru ,
Date of production, publication, distribution, manufacture, or copyright notice 2008
300 ## - PHYSICAL DESCRIPTION
Extent xiii, 306 pages ;
Dimensions 23 cm
336 ## - CONTENT TYPE
Source rdacontent
Content type term text
337 ## - MEDIA TYPE
Source rdamedia
Media type term unmediated
338 ## - CARRIER TYPE
Source rdacarrier
Carrier type term volume
650 10 - SUBJECT ADDED ENTRY--TOPICAL TERM
Topical term or geographic name entry element Islam and politics
942 ## - ADDED ENTRY ELEMENTS (KOHA)
-- dc
Koha item type Book
Holdings
Withdrawn Not for loan Current library Shelving location Date acquired Total Checkouts Full call number Barcode Date last seen Date last checked out Koha item type
    Perpustakaan Alor Setar Pinjaman Dewasa 24/05/2009 2 297.272 ALA A01288331 02/05/2019 13/04/2019 Book
    Perpustakaan Awam Sungai Petani Pinjaman Dewasa 24/05/2009   297.272 ALA A01288332 09/05/2018   Book
    Perpustakaan Baling Pinjaman Dewasa 24/05/2009   297.272 ALA A01288335 09/05/2018   Book
    Perpustakaan Jitra Pinjaman Dewasa 24/05/2009 3 297.272 ALA A01288333 14/11/2023 07/11/2023 Book
    Perpustakaan Kulim Pinjaman Dewasa 24/05/2009   297.272 ALA A01288334 09/05/2018   Book
    Perpustakaan Merbok Pinjaman Dewasa 24/05/2009   297.272 ALA A01288336 09/05/2018   Book